000 00650nam a22001817a 4500
999 _c185521
_d185521
005 20220203123102.0
010 _aENG-131380
020 _a9789354498299
_c500.00
035 _aEN-114912
037 _bDBAD
082 _a954.01
100 _aJha, Ajeet
245 _aA History of Ancient India:
_bFor UPSC and State Civil Services Examinations/
_cAjeet Jha
260 _aUttar Pradesh
_bPearson India Education Services
_c2022
270 _a15th Flooor, Tower-B, World Trade Tower, Plot No. 1, Block-C, Sector-16
_bNoida
_e201301
_mcompanysecretary.india@pearson.com
300 _avp.
_c25cm(pbk)
942 _2ddc
_cEN
_h954.01
_mJHA